<?xml version="1.0" encoding="UTF-8"?>
<record
    xmlns:xsi="http://www.w3.org/2001/XMLSchema-instance"
    xsi:schemaLocation="http://www.loc.gov/MARC21/slim http://www.loc.gov/standards/marcxml/schema/MARC21slim.xsd"
    xmlns="http://www.loc.gov/MARC21/slim">

  <leader>00583nam a2200205   4500</leader>
  <controlfield tag="003">OSt</controlfield>
  <controlfield tag="005">20260601193857.0</controlfield>
  <controlfield tag="008">260507b2019    |||ao||| |||| 00| 0 spa d</controlfield>
  <datafield tag="040" ind1=" " ind2=" ">
    <subfield code="a">ICI</subfield>
    <subfield code="b">spa</subfield>
    <subfield code="c">ICI</subfield>
  </datafield>
  <datafield tag="050" ind1=" " ind2=" ">
    <subfield code="a">NK5114.M6</subfield>
    <subfield code="b">I58 2019</subfield>
  </datafield>
  <datafield tag="110" ind1=" " ind2=" ">
    <subfield code="a">Museo Franz Mayer</subfield>
    <subfield code="9">33156</subfield>
  </datafield>
  <datafield tag="245" ind1=" " ind2="1">
    <subfield code="a">Vidrio M&#xE9;xico dise&#xF1;o:</subfield>
    <subfield code="b"> Colecci&#xF3;n a+d&gt;mx</subfield>
  </datafield>
  <datafield tag="264" ind1=" " ind2=" ">
    <subfield code="b">Museo Franz Mayer</subfield>
    <subfield code="c">2019</subfield>
    <subfield code="a">M&#xE9;xico</subfield>
  </datafield>
  <datafield tag="300" ind1=" " ind2=" ">
    <subfield code="a">40 p&#xE1;ginas</subfield>
  </datafield>
  <datafield tag="336" ind1=" " ind2=" ">
    <subfield code="a">texto</subfield>
    <subfield code="2">rdacontent</subfield>
  </datafield>
  <datafield tag="337" ind1=" " ind2=" ">
    <subfield code="a">sin medio</subfield>
    <subfield code="2">rdamedia</subfield>
  </datafield>
  <datafield tag="338" ind1=" " ind2=" ">
    <subfield code="a">volumen</subfield>
    <subfield code="2">rdacarrier</subfield>
  </datafield>
  <datafield tag="650" ind1=" " ind2=" ">
    <subfield code="a">Glassart</subfield>
    <subfield code="v">Exhibitions</subfield>
    <subfield code="z">M&#xE9;xico</subfield>
    <subfield code="9">33157</subfield>
  </datafield>
  <datafield tag="942" ind1=" " ind2=" ">
    <subfield code="2">lcc</subfield>
    <subfield code="c">B</subfield>
    <subfield code="n">1</subfield>
  </datafield>
  <datafield tag="999" ind1=" " ind2=" ">
    <subfield code="c">22073</subfield>
    <subfield code="d">22073</subfield>
  </datafield>
  <datafield tag="952" ind1=" " ind2=" ">
    <subfield code="0">0</subfield>
    <subfield code="1">0</subfield>
    <subfield code="2">lcc</subfield>
    <subfield code="4">0</subfield>
    <subfield code="7">0</subfield>
    <subfield code="a">BDIMFM</subfield>
    <subfield code="b">BDIMFM</subfield>
    <subfield code="d">2026-05-07</subfield>
    <subfield code="l">0</subfield>
    <subfield code="o">NK5114.M6 I58 2019</subfield>
    <subfield code="p">BDIMFM001113</subfield>
    <subfield code="r">2026-05-07 23:17:00</subfield>
    <subfield code="t">EJ. 1</subfield>
    <subfield code="w">2026-05-07</subfield>
    <subfield code="y">B</subfield>
  </datafield>
</record>
